MARC

LEADER 00000nam0a2200000 4500
001 165887
005 20231031161946.0
010 |a 5339007855 
020 |a RU  |b 92-29748 
035 |a (RuTPU)RU\TPU\book\179950 
090 |a 165887 
100 |a 20090923d1992 m a0rusy5003 ca 
101 0 |a rus 
102 |a BY 
105 |a a z 001zy 
200 1 |a Рисунок головы человека  |e методическое пособие  |f В. Е. Нестеренко 
210 |a Минск  |c Вышэйшая школа  |d 1992 
215 |a 126 с.  |c ил.  |d 22 см 
320 |a Библиогр.: с. 123. (27 назв.) 
610 1 |a рисунок 
610 1 |a анатомия пластическая 
610 1 |a методические пособия 
610 1 |a пропорции 
610 1 |a выполнение 
610 1 |a методика 
675 |a 741  |z rus 
700 1 |a Нестеренко  |b В. Е.  |g Василий Емельянович  |4 070 
801 1 |a RU  |b 63413507  |c 20090923 
801 2 |a RU  |b 63413507  |c 20100407  |g RCR 
900 |a Рисунок 
942 |c BK